Imagen UCV 1977
Gespeichert in:
| Körperschaft: | |
|---|---|
| Format: | Buch |
| Sprache: | Spanisch |
| Veröffentlicht: |
Valparaíso
Ediciones Universitarias de Valparaíso
1977
|
| Ausgabe: | 1a. ed |
| Schlagworte: | |
| Tags: |
Tag hinzufügen
Keine Tags, Fügen Sie den ersten Tag hinzu!
|
MARC
| LEADER | 00000nam a2200000 a 4500 | ||
|---|---|---|---|
| 001 | UCJ7189 | ||
| 003 | CL-VaPUC | ||
| 008 | 070124e19770000CL |||||||||||||||||spa|d | ||
| 082 | 0 | 4 | |a 378 |b UNI |2 21 |
| 110 | 2 | |a Universidad Católica de Valparaíso |e author |9 515303 | |
| 245 | 1 | 0 | |a Imagen UCV 1977 |
| 250 | |a 1a. ed | ||
| 300 | |a 64 p | ||
| 942 | |c BK | ||
| 945 | |d 20070124 00:00:00 |a rinostro | ||
| 260 | |a Valparaíso |b Ediciones Universitarias de Valparaíso |c 1977 | ||
| 650 | 7 | |a HISTORIA INSTITUCIONAL |2 CL-VaPUC |9 515304 | |
| 650 | 0 | |a Archivo histórico PUCV |9 255554 | |
| 650 | 0 | |a Académicos |x Pontificia Universidad Católica de Valparaíso (PUCV) |9 255553 | |
| 650 | 0 | |a Estadísticas educacionales |9 331921 | |
| 583 | |a last modification |c 20130912 04:15:04 |k Rodrigo Vera | ||
| 999 | |c 323285 |d 323283 | ||
| 952 | |0 0 |1 0 |4 0 |6 378_000000000000000_UNI_1977 |7 0 |8 X |9 402780 |a FDOBUD |b FDOBUD |d 2019-11-22 |i 1059661 |o 378 UNI 1977 |p 1059661 |r 2019-11-22 |w 2019-11-22 |y BK_X |k FHP | ||
| 952 | |0 0 |1 0 |4 0 |6 378_000000000000000_UNI_1977 |7 0 |8 X |9 402781 |a FDOBUD |b FDOBUD |d 2019-11-22 |i 105967K |o 378 UNI 1977 |p 105967K |r 2019-11-22 |w 2019-11-22 |y BK_X |k FHP | ||
| 952 | |0 0 |1 0 |4 0 |6 378_000000000000000_UNI_1977 |7 0 |8 X |9 402782 |a FDOBUD |b FDOBUD |d 2019-11-22 |i 106620K |o 378 UNI 1977 |p 106620K |r 2019-11-22 |w 2019-11-22 |y BK_X |k FHP | ||